| 000 | 00384nam a2200145Ia 4500 | ||
|---|---|---|---|
| 008 | 231129s1995||||xx |||||||||||||| ||spa|| | ||
| 020 | _a84-481-1788-3 | ||
| 040 | _bspa | ||
| 082 | _a005.133 S334c | ||
| 100 | _aSchildt Herbert | ||
| 245 | 0 | _aC++ guía de autoenseñanza | |
| 260 | _c1995 | ||
| 264 | _aOsborne/McGraw-Hill | ||
| 942 |
_2ddc _cBKS |
||
| 999 |
_c6400 _d6400 |
||